000 00986nam a2200277 a 4500
008
020 _a0406609314 (pbk.)
049 _aMAIN
090 0 0 _aKJE947
100 1 _aLasok, Dominik.
245 1 0 _aLaw and institutions of the European Communities /
_cD. Lasok, J.W. Bridge.
250 _a5th ed.
260 _aLondon :
_bButterworths,
_c1991.
300 _alxxxix, 591 p. ;
_c22 cm.
500 _aRev. ed. of: An introduction to the law and institutions of the European Communities. 3rd ed. 1982.
504 _aIncludes bibliographical references: p. 557-572.
500 _aIncludes index.
650 0 _aLaw
_zEuropean Economic Community countries.
700 1 _aBridge, John William.
700 1 _aLasok, Dominik.
_tIntroduction to the law and institutions of the European Communities.
907 _a.b10134104
_b06-09-04
_c26-08-04
003
005 20230123133814.0
040 _cNUST
942 _cBOOKS
_kKJE947
999 _c154929
_d154929